| 000 | 01155nam a22002777a 4500 | ||
|---|---|---|---|
| 003 | dpl | ||
| 005 | 20180807123341.0 | ||
| 008 | 180807b xxu||||| |||| 00| 0 eng d | ||
| 010 | _aB-142089 | ||
| 020 |
_c120.00 _a8126310944 |
||
| 035 | _aB-142089, B-142090 | ||
| 037 | _bCen Lib/Ret | ||
| 040 |
_aDPL _bHN _c0 |
||
| 082 |
_a824 _bभाटिया |
||
| 100 |
_aभाटिया, जितेन्द्र _96449 |
||
| 245 |
_aसदी के प्रशन / _cजितेन्द्र भाटिया |
||
| 246 |
_aSadi ke prashan / _bby JItendra Bhatiya |
||
| 260 |
_aनयी दिल्ली _bभारतीय ज्ञानपीठ _c2004 |
||
| 270 |
_a18, इंस्टीत्युश्नल एरिया _bनयी दिल्ली _e110003 |
||
| 300 |
_a131पृ. _c20सेमी (सजिल्द) |
||
| 650 |
_aहिंदी साहित्य _949813 |
||
| 650 |
_aनिबंध संग्रह _xव्यंग्य _949814 |
||
| 650 |
_aHindi Literature _949815 |
||
| 650 |
_aEssay Collection _xSquid _949816 |
||
| 942 |
_2ddc _cHN _h824 _mभाटिया |
||
| 999 |
_c112939 _d112939 |
||